000 00705nam a2200265Ia 4500
003 OSt
005 20221006150420.0
006 a|||||r|||| 00| 0
007 ta
008 221006b |||||||| |||| 00| 0 jpn d
020 _c¥800
024 _a18,542
037 _bGift, Japan Foundation
_cTextual
040 _aEASL
_cEASL
_bjpn
041 _2jpn
_ajpn
082 _aO42,3M96x, L0
100 _aMIYAZAWA Kenji
_9644160
245 0 _aCero hiki no goshu
260 _aTokyo
_bIwanami Shoten Japan
_c1970
300 _a268p.
_ccm.
490 _v JL
650 _aJL
942 _hO42,3M96x, L0
_cTEXL
_2CC
999 _c1086628
_d1086628